000 01109nam a22002774a 4500
001 524
003 BR-RjBN
005 20260525083124.0
008 880101s1988 sp 000 f por d
020 _a9788571231559
040 _bpor
_aBR-IBIA
_cBR-IBIA
_erda
041 1 _apor
_heng
082 _a813
_bB798v
100 1 _aBradbury, Ray.
245 1 2 _aO viajante do tempo /
_cRay Bradbury.
260 _aSão Paulo :
_bBest Seller,
_c1988.
300 _a300 p. ;
_c21 cm.
520 _aEm uma narrativa marcada por elementos de ficção científica e fantasia, Ray Bradbury conduz o leitor por reflexões sobre o tempo, a condição humana e os impactos das escolhas individuais. Com sua escrita poética e imaginativa, o autor constrói uma obra envolvente que mistura aventura, emoção e questionamentos existenciais, características marcantes de sua produção literária.
650 0 _aLiteratura norte-americana.
650 0 _aFicção científica.
_963
650 0 _aViagem no tempo.
_9145
650 0 _aFantasia.
_945
655 0 _aRomance.
_923
655 0 _aFicção.
_922
942 _2ddc
_n0
_cBK
999 _c524
_d524